000 00700nam a2200217 i 4500
001 122232
003 ES-MaACL
005 20251018063103.0
007 t|
008 070214s1971 sp r ||||1| spa d
100 1 _aPound, Ezra,
_d1885-1972
_9242362
245 1 0 _aSobre Joyce /
_cEzra Pound ; edición y comentarios de Forrest Read ; traducción de Mirko Lauer.
250 _a1ª. ed.
260 _aBarcelona :
_bBarral,
_c1971.
300 _a434 p. ;
_c20 cm.
600 1 7 _aJoyce, James,
_d1882-1941-
_xCrítica e interpretación
_2
_9159837
700 1 _aRead, Forrest.
_995665
700 1 _aLauer, Mirko.
_970589
852 _aES-MaACL
_jC-39150
_bR.79368
999 _c122232
_d122232